| 000 | 01631cam a2200313 i 4500 | ||
|---|---|---|---|
| 001 | 992566964 | ||
| 003 | OCoLC | ||
| 005 | 20250122150101.0 | ||
| 008 | 171017t20182018miu b 001 0 eng | ||
| 020 |
_a9780802825780 _qhardcover _qalkaline paper |
||
| 020 |
_a0802825788 _qhardcover _qalkaline paper |
||
| 035 | _a(OCoLC)992566964 | ||
| 040 |
_aDLC _beng _erda _cDLC _dOCLCF _dBCT _dELW _dLNT _dYDX _dOCLCO _dPTS _dVLB _dCHVBK _dOCLCO _dUKMGB _dOBE |
||
| 082 | 0 | 0 |
_a226.20609 _223 _bMAT 1 |
| 245 | 0 | 0 |
_aMatthew / _cinterpreted by early Christian commentators ; translated and edited by D.H. Williams |
| 264 | 1 |
_aGrand Rapids, Michigan : _bWilliam B. Eerdmans Publishing Company, _c2018 |
|
| 264 | 4 | _c©2018 | |
| 300 |
_axxviii, 570 pages ; _c26 cm |
||
| 336 |
_atext _btxt _2rdacontent |
||
| 337 |
_aunmediated _bn _2rdamedia |
||
| 338 |
_avolume _bnc _2rdacarrier |
||
| 490 | 1 | _aThe church's Bible | |
| 504 | _aIncludes bibliographical references and indexes | ||
| 520 | _aThis Church's Bible volume contains carefully selected and translated patristic writings on the Gospel of Matthew. More than thirty church fathers, including John Chrysostom, Irenaeus of Lyons, Gregory of Nyssa, Origen, Tertullian, and Augustine, are represented here. Ranging chronologically from the second century to the seventh century, these substantial selections splendidly display a neglected part of the church's interpretive tradition on Matthew.--Publisher's description | ||
| 630 | 0 | 0 |
_aBible. _pMatthew _vCommentaries |
| 655 | 7 |
_aCommentaries. _2fast _0(OCoLC)fst01423723 |
|
| 700 | 1 |
_aWilliams, Daniel H., _etranslator, _eeditor |
|
| 942 |
_2ddc _cREF _n0 |
||
| 999 |
_c10573 _d10573 |
||